Yes, r > g. So what? (Record no. 108213)

000 -LEADER
fixed length control field 00311pab a2200133 454500
008 - FIXED-LENGTH DATA ELEMENTS--GENERAL INFORMATION
fixed length control field 180718b2015 xxu||||| |||| 00| 0 eng d
100 ## - MAIN ENTRY--PERSONAL NAME
Personal name Mankiw, N. Gregory
245 ## - TITLE STATEMENT
Title Yes, r > g. So what?
260 ## - PUBLICATION, DISTRIBUTION, ETC.
Date of publication, distribution, etc. 2015
300 ## - PHYSICAL DESCRIPTION
Extent p.43-47.
362 ## - DATES OF PUBLICATION AND/OR SEQUENTIAL DESIGNATION
Dates of publication and/or sequential designation May
773 ## - HOST ITEM ENTRY
Main entry heading American Economic Review
909 ## -
-- 108218
Holdings
Withdrawn status Lost status Damaged status Not for loan Permanent Location Current Location Date acquired Serial Enumeration / chronology Barcode Date last seen Price effective from Koha item type
        Indian Institute of Public Administration Indian Institute of Public Administration 2018-07-19 Volume no: 105, Issue no: 5 AR108678 2018-07-19 2018-07-19 Articles

Powered by Koha